Portuguese, Spanish, French and German speaking Countries - Statistics

General Stats
  • This quiz has been taken 86 times
  • The average score is 48 of 59
Answer Stats
Continent Country % Correct
Europe Portugal
96%
South America Argentina
94%
South America Chile
94%
South America Peru
94%
Europe Spain
94%
Europe Austria
93%
Europe Belgium
93%
Europe Belgium
93%
South America Brazil
93%
Europe Germany
93%
North America Mexico
93%
North America Panama
93%
Europe Switzerland
93%
Europe Switzerland
93%
South America Venezuela
93%
South America Bolivia
92%
South America Colombia
92%
North America Costa Rica
92%
Europe France
92%
North America Honduras
92%
South America Paraguay
92%
South America Uruguay
92%
North America Cuba
90%
North America Dominican Republic
90%
North America Nicaragua
90%
Africa Angola
89%
South America Ecuador
89%
North America El Salvador
88%
Europe Luxembourg
88%
Europe Luxembourg
88%
Africa Mozambique
88%
North America Guatemala
83%
North America Haiti
83%
Africa Chad
82%
Africa Cameroon
81%
Africa Equatorial Guinea
81%
Africa Equatorial Guinea
81%
Africa Equatorial Guinea
81%
Europe Liechtenstein
79%
North America Canada
78%
Africa Cape Verde
78%
Africa Sao Tome and Principe
78%
Africa Senegal
78%
Africa Mali
76%
Africa Niger
76%
Europe Monaco
75%
Africa Ivory Coast
74%
Africa Benin
69%
Africa Togo
69%
Asia East Timor
64%
Africa Rwanda
64%
Africa Burundi
63%
Africa Madagascar
63%
Africa Burkina Faso
61%
Africa Djibouti
57%
Africa Guinea Bissau
57%
Africa Seychelles
56%
Oceania Vanuatu
53%
Africa Democratic Rep. of the Congo
38%
No matching quizzes found
Score Distribution
Percent of People with Each Score
Percentile by Number Answered
Your Score History
You have not taken this quiz